000 00622nam a2200241Ia 4500
003 OSt
005 20220918182006.0
006 a|||||r|||| 00| 0
007 ta
008 220917b |||||||| |||| 00| 0 eng d
024 _a29,874
037 _cTextual
040 _aARTS
_cARTS
_beng
041 _2eng
_aeng
082 _aO111,3N906x, N5
100 _aNarayan R K
_912238
245 0 _aIndian epics retold
260 _adelhi
_bViking
_c1995
300 _axiv, 632p.
_ccm.
650 _aENGLISH LITERATURE
942 _hO111,3N906x, N5
_cTEXL
_2CC
999 _c167493
_d167493